000 00638nam a2200277Ia 4500
005 20260324140903.0
008 008 260324s9999 xx 000 0 eng d
020 _a9781315077963
037 _aEBOOK
040 _aCRL
040 _beng
040 _cCRL
041 _2eng
041 _aeng
084 _qCRL
100 _aOdysseas Elytes; David Connolly
_91202137
245 0 _aOxopetra Elegies
260 _bTaylor and Francis
260 _c1998
365 _a
365 _b99.99
856 _uhttp://www.taylorfrancis.com/books/9781315077963
942 _cEBOOK
999 _c1808641
_d1808641